| 000 | 00615nam a2200217Ia 4500 | ||
|---|---|---|---|
| 001 | 3622 | ||
| 008 | 170918s1935 ii g b000 u 465 u | ||
| 082 | _a530.12 | ||
| 100 | _aPauling, Linus . | ||
| 245 | 0 |
_aIntroduction to Quantun Mechanics / _cLinus Pauling & E. Bright Wilson. _hTextual Documents |
|
| 250 | _a1st ed. / | ||
| 260 |
_aNew York : _bMcGraw - Hill book company , _c1935. |
||
| 300 |
_axi, 445p. ; _c21cm. |
||
| 504 | _aIndex | ||
| 653 | _aPhysics | ||
| 653 | _aMechanics-Quantum | ||
| 653 | _aQuantun Mechanics | ||
| 653 | _aPG-Mathematics | ||
| 700 | _aWilson, E. Bright . | ||
| 942 |
_2ddc _cBK |
||
| 999 |
_c3610 _d3610 |
||